[Event "2008 Standard Chess Dropout Tournament, Round 6"]
[Site "SchemingMind.com"]
[Date "2009.11.21"]
[Round "6"]
[White "C. H. O'D. Schlechter"]
[Black "dmichael"]
[Result "0-1"]
[WhiteCountry "USA"]
[BlackCountry "USA"]
[WhiteElo "2414"]
[WhiteRD "81"]
[BlackElo "2495"]
[BlackRD "93"]
[GameID "226827"]

1. e4 c5 2. Nf3 d6 3. d4 cxd4 4. Nxd4 Nf6 5. Nc3 a6 6. f4 e5 7. Nf3 Nbd7 8. Bc4 Be7 9. O-O b5 10. Bb3 O-O
11. Qe2 Bb7 12. fxe5 dxe5 13. Be3 Qc7 14. Rad1 Rad8 15. Bg5 h6 16. Bh4 Nb6 17. a3 Rxd1 18. Rxd1 Nbd7 19. Nd5 Nxd5 20. Bxd5 Bc5+
21. Kh1 Bxd5 22. Rxd5 Nb6 23. Rd1 Nc4 24. c3 Bb6 25. b3 Na5 26. Qc2 f6 27. Be1 Qc6 28. Rd5 Nb7 29. Qe2 Rd8 30. c4 bxc4
31. bxc4 Rd7 32. h4 Rc7 33. Nd2 Bc5 34. Qf3 Qa4 35. Rd3 Bd4 36. Rb3 Qc6 37. h5 Qe8 38. Bh4 Nc5 39. Rb1 Kh8 40. Qf5 Ne6
41. Nf3 Ba7 42. Be1 Nf4 43. g3 Qxh5+ 44. Qxh5 Nxh5 45. Rb4 g5 46. Kg2 Ng7 47. Bf2 a5 48. Ra4 Bxf2 49. Kxf2 Ra7 50. c5 Ne6
51. c6 Kg7 52. Rc4 Rc7 53. a4 Kg6 54. Rc1 h5 55. Ke2 Nd8 56. Rc5 Rxc6 57. Rxa5 Ne6 58. Ra8 Rc2+
0-1

[Event "2008 Standard Chess Dropout Tournament, Round 6"]
[Site "SchemingMind.com"]
[Date "2009.11.21"]
[Round "6"]
[White "John Elburg"]
[Black "C. H. O'D. Schlechter"]
[Result "1/2-1/2"]
[WhiteCountry "NED"]
[BlackCountry "USA"]
[WhiteElo "2415"]
[WhiteRD "97"]
[BlackElo "2423"]
[BlackRD "74"]
[GameID "226828"]

1. e4 e5 2. Nf3 Nc6 3. Bb5 a6 4. Ba4 Nf6 5. O-O Be7 6. Re1 b5 7. Bb3 O-O 8. c3 d6 9. h3 Nb8 10. d4 Nbd7
11. Nbd2 Bb7 12. Bc2 c5 13. b3 cxd4 14. cxd4 exd4 15. Nxd4 Re8 16. a4 bxa4 17. Rxa4 Nc5 18. Ra1 Bf8 19. Qf3 Qe7 20. Bb2 Ncxe4
21. Nf5 Qe6 22. Bxf6 Nxd2 23. Nh6+ Kh8 24. Qxb7 Qxe1+ 25. Rxe1 Rxe1+=
1/2-1/2